personnages de fairy tail - Statistiques

Statistiques générales
  • Ce quiz a été pris 427 fois
  • Le résultat moyen est 54 sur 154
Statistiques - réponses
indices prénoms % Correct
fairy tail lucky
99%
fairy tail lucy
99%
fairy tail natsu
99%
fairy tail erza
98%
fairy tail gray
98%
fairy tail happy
97%
fairy tail wendy
88%
fairy tail carla
87%
fairy tail luxus
84%
fairy tail mirajane
84%
esprit or leo
80%
fairy tail gajeel
77%
fairy tail elfman
76%
fairy tail juvia
76%
fairy tail lisana
76%
blue pegasus eave
71%
premier maitre mavis
71%
crime sorciere jellal
70%
fairy tail kanna
69%
esprit or aquarius
68%
fairy tail makarov
68%
sabertooth sting
66%
sabertooth rogue
65%
dragon de feu ignir
63%
esprit or taurus
62%
crime sorciere | grimoire heart ultia
62%
fairy tail evergreen
61%
fairy tail romeo
60%
empereur arbaless zeleph
59%
fairy tail macao
58%
esprit or virgo
58%
esprit or aries
57%
sabertooth minerva
57%
fairy tail gildarts
54%
fairy tail panther lily
53%
esprit or scorpio
53%
esprit or cancer
52%
oracion seis cobra
52%
esprit or gemini
52%
esprit or caprico
51%
fairy tail levy
51%
esprit or sagittarius
50%
dragon de l'apocalypse acnologia
49%
fairy tail wakaba
49%
lamia scale cherry
48%
esprit or libra
48%
dragon celeste grandine
47%
crime sorciere | grimoire heart meldy
47%
sabertooth yukino
47%
sabertooth frosh
46%
fairy tail bixrow
45%
fairy tail freed
45%
blue pegasus ichiya
45%
oracion seis midnight
45%
oracion seis angel
44%
fairy tail droy
44%
Mermaid Heel kagura
44%
dragon d'acier metalicana
44%
lamia scale jura
43%
grimoire heart hades
42%
fairy tail jett
41%
sabertooth lector
39%
esprit or pisces
38%
blue pegasus hibiki
37%
fairy tail biska
35%
blue pegasus ren
35%
fairy tail max
34%
Mermaid Heel miliana
34%
blue pegasus bob
32%
oracion seis brain
32%
lamia scale lyon
32%
esprit argent plue
32%
arbaless brandish
31%
lamia scale cherrya
31%
sabertooth rufus
31%
fairy tail arzack
30%
phantom lord jose
30%
arbaless august
28%
blue pegasus jenny
28%
sabertooth orga
27%
esprit argent horologium
26%
phantom lord sol
26%
quattro cerberus bacchus
25%
fairy tail kinana
25%
ancien membre precht
24%
arbaless dimaria
23%
oracion seis hot eye
23%
lamia scale toby
23%
dragon des flammes atlas
22%
esprit argent lyra
22%
arbaless eileen
21%
grimoire heart azuma
20%
tartaros silver
20%
tartaros jackal
19%
tartaros kyoka
19%
roi roi des esprits
19%
lamia scale yuka
19%
ancien membre rob
18%
phantom lord totomaru
18%
fairy tail warren
18%
phantom lord alya
16%
raven tail iwan
16%
blue pegasus nichiya
16%
Mermaid Heel beth
15%
tartaros end
15%
grimoire heart rustyrose
15%
tartaros seila
15%
arbaless god serena
14%
sabertooth jienma
14%
fairy tail readers
14%
tartaros tempester
14%
arbaless ajil
12%
grimoire heart kain
12%
Mermaid Heel risley
12%
grimoire heart bluenote
11%
arbaless jacob
11%
tartaros mald
11%
fairy tail visitor
11%
ancien membre warrod
11%
ancien membre mystogan
10%
lamia scale ohba baba
10%
arbaless wahl
10%
grimoire heart zoldio
10%
quattro cerberus warcry
9%
arbaless bloodman
8%
arbaless inbel
8%
tartaros keith
8%
dragon blanc baislogia
7%
tartaros ezer
7%
dragon de jade jilkonis
7%
quattro cerberus rocker
7%
dragon de l'ombre skiadram
7%
Mermaid Heel alanya
6%
esprit argent caelum
6%
quattro cerberus jager
6%
raven tail nalpuding
6%
raven tail ohbra
6%
esprit argent pyxis
6%
quattro cerberus semus
6%
tartaros franmars
5%
raven tail frea
5%
arbaless ninehart
5%
quattro cerberus nobarly
5%
arbaless rahkeid
5%
oracion seis rider
5%
grimoire heart thuncrow
5%
tartaros trafzer
4%
esprit argent deneb
3%
esprit argent kross
3%
13 esprit Ophiuchus
3%
esprit argent polaris
2%
raven tail kuroheby
0%
Aucun quiz correspondant
Distribution des résultats
% des personnes avec chaque résultat
Percentile par nombre de réponses
Votre historique - résultats
Vous n’avez pas pris ce quiz